[Event "108th YMCA Summer B"]
[Site "Warszawa"]
[Date "2012.07.19"]
[Round "4"]
[White "Jackiewicz, Jerzy"]
[Black "Wrabel, Antoni"]
[Result "1/2-1/2"]
[WhiteElo "1501"]
[BlackElo "1683"]
[Annotator "Admin"]
[PlyCount "191"]
[EventDate "2012.07.10"]
[EventType "tourn"]
[EventRounds "1"]
[EventCountry "POL"]
[SourceDate "2012.07.11"]

1. e4 e5 2. Nf3 Nc6 3. Bb5 a6 4. Bxc6 dxc6 5. h3 f6 6. d4 exd4 7. Qxd4 Qxd4 8.
Nxd4 Bc5 9. c3 Ne7 10. O-O Bd7 11. b4 Bd6 12. Nd2 c5 13. bxc5 Bxc5 14. a4 Nc6
15. Bb2 Ne5 16. N2b3 Bd6 17. Nd2 O-O 18. Ba3 Bxa3 19. Rxa3 b6 20. f4 Nd3 21. c4
Nc5 22. a5 Rfe8 23. Re1 Rad8 24. N4f3 Bc6 25. e5 Nd3 26. Re3 Nxf4 27. exf6 Rxe3
28. Rxe3 gxf6 29. axb6 cxb6 30. Nb3 Rd3 31. Rxd3 Nxd3 32. Nfd4 Bd7 33. g4 a5
34. Nd2 a4 35. Nc2 Be6 36. Na3 Kf7 37. Kg2 Ke7 38. Kf3 Kd6 39. Ne4+ Ke5 40. Nc3
Kd4 41. Nxa4 Ne5+ 42. Kf4 Nd7 43. h4 h6 44. g5 fxg5+ 45. hxg5 h5 46. g6 h4 47.
g7 h3 48. Kg3 Ke5 49. g8=Q Bxg8 50. Kxh3 Kd4 51. Kg3 Bf7 52. Kf4 Bh5 53. Nxb6
$11 Nxb6 54. Nb5+ Kxc4 55. Nd6+ Kd5 56. Nf5 Nd7 57. Ne3+ Ke6 58. Nc4 Be2 59.
Nd2 Nf6 60. Ke3 Bb5 61. Nf3 Nd5+ 62. Kd4 Ne7 63. Kc5 Bd3 64. Nd4+ Kd7 65. Nb5
Nc8 66. Nc3 Nd6 67. Kd4 Bg6 68. Kc5 Bc2 69. Nb5 Nb7+ 70. Kb4 Bd3 71. Nd4 Kd6
72. Nb5+ Kc6 73. Nd4+ Kd5 74. Nb5 Nd8 75. Nc3+ Kc6 76. Na4 Ne6 77. Kc3 Bb5 78.
Nb2 Nf4 79. Kd4 Ne6+ 80. Kc3 Kd5 81. Nd3 Be8 82. Nb4+ Kc5 83. Nd3+ Kb5 84. Ne5
Bh5 85. Nd3 Bg6 86. Ne5 Be4 87. Nd3 Kc6 88. Nb4+ Kd6 89. Nc2 Ke5 90. Nb4 Nf4
91. Kc4 Bf5 92. Kc3 Ne2+ 93. Kd2 Nd4 94. Nd3+ Kd5 95. Nf4+ Kc4 96. Ne2 1/2-1/2

[Event "108th YMCA Summer B"]
[Site "Warszawa"]
[Date "2012.07.24"]
[Round "5"]
[White "Wrabel, Antoni"]
[Black "Bartczak, Hanna"]
[Result "1/2-1/2"]
[WhiteElo "1683"]
[BlackElo "1592"]
[Annotator "Admin"]
[PlyCount "55"]
[EventDate "2012.07.10"]
[EventType "tourn"]
[EventRounds "1"]
[EventCountry "POL"]
[SourceDate "2012.07.11"]

1. e4 c6 2. d4 d5 3. exd5 cxd5 4. Bd3 Nc6 5. c3 Nf6 6. Nf3 Bg4 7. h3 Bh5 8. O-O
e6 9. Be3 Bd6 10. Nbd2 O-O 11. Qc2 Bxf3 12. Nxf3 h6 13. Rac1 Qd7 14. Qd2 Ne4
15. Qc2 f5 16. Ne1 Qf7 17. f4 Ne7 18. Nf3 Ng6 19. Ne5 Qe8 20. Qd1 Nh4 21. Bf2
Ng6 22. Kh2 Nxf4 23. g3 Nxd3 24. Qxd3 Bxe5 25. dxe5 g5 26. Bd4 a6 27. Qe2 Qg6
28. c4 $11 1/2-1/2

[Event "108th YMCA Summer B"]
[Site "Warszawa"]
[Date "2012.07.24"]
[Round "5"]
[White "Sokur, Ivan"]
[Black "Jackiewicz, Jerzy"]
[Result "0-1"]
[WhiteElo "1579"]
[BlackElo "1501"]
[PlyCount "52"]
[EventDate "2012.07.10"]
[EventType "tourn"]
[EventRounds "1"]
[EventCountry "POL"]
[SourceDate "2012.07.11"]

1. d4 d5 2. c4 e6 3. Nc3 Nf6 4. Nf3 c6 5. Bg5 Be7 6. e3 h6 7. Bxf6 Bxf6 8. Qc2
Nd7 9. b4 a6 10. Bd3 b5 11. c5 e5 12. O-O e4 13. Bxe4 dxe4 14. Qxe4+ Kf8 15.
Qxc6 Ra7 16. Nd5 Bb7 17. Qd6+ Be7 18. Nxe7 Qxe7 19. Qc7 Bxf3 20. Qxa7 Qg5 21.
g3 Qg4 22. Qc7 g5 23. Qc6 Bxc6 24. f3 Bxf3 25. a4 Qe4 26. Rfe1 Qc2 0-1

[Event "108th YMCA Summer B"]
[Site "Warszawa"]
[Date "2012.07.13"]
[Round "5"]
[White "Herman, Monika"]
[Black "Rymarowicz, Pawel"]
[Result "1/2-1/2"]
[WhiteElo "1707"]
[BlackElo "1718"]
[Annotator "Admin"]
[PlyCount "25"]
[EventDate "2012.07.10"]
[EventType "tourn"]
[EventRounds "1"]
[EventCountry "POL"]
[SourceDate "2012.07.11"]

1. e4 e6 2. d4 d5 3. exd5 exd5 4. Nf3 Nf6 5. Bd3 Bd6 6. O-O O-O 7. Re1 Bg4 8.
h3 Bh5 9. c3 Nbd7 10. Nbd2 c6 11. Qc2 Qc7 12. Ng5 Bg6 13. Bxg6 $11 1/2-1/2

[Event "108th YMCA Summer B"]
[Site "Warszawa"]
[Date "2012.07.24"]
[Round "5"]
[White "Prus, Marek"]
[Black "Rodak, Przemyslaw"]
[Result "1-0"]
[WhiteElo "1718"]
[BlackElo "1614"]
[PlyCount "63"]
[EventDate "2012.07.10"]
[EventType "tourn"]
[EventRounds "1"]
[EventCountry "POL"]
[SourceDate "2012.07.11"]

1. e4 e6 2. Nf3 d5 3. e5 c5 4. b4 cxb4 5. a3 Nc6 6. axb4 Bxb4 7. c3 Be7 8. d4
f6 9. Bd3 fxe5 10. Nxe5 Nxe5 11. dxe5 g6 12. O-O Bg5 13. Na3 Bxc1 14. Qxc1 Bd7
15. Nb5 Bxb5 16. Bxb5+ Kf7 17. Qe3 a6 18. Bd3 Kg7 19. f4 Nh6 20. Qh3 Qe7 21. g4
Rhf8 22. Rf3 Qc5+ 23. Kh1 Qxc3 24. Raf1 Qc7 25. f5 exf5 26. gxf5 Nxf5 27. Bxf5
Rxf5 28. Rxf5 gxf5 29. Qxf5 Qe7 30. e6 Rf8 31. Qg4+ Kh6 32. Rg1 1-0

[Event "108th YMCA Summer B"]
[Site "Warszawa"]
[Date "2012.07.24"]
[Round "5"]
[White "Trzpil, Slawomir"]
[Black "Krzyzanowski, Antoni"]
[Result "0-1"]
[WhiteElo "1696"]
[BlackElo "1729"]
[PlyCount "106"]
[EventDate "2012.07.10"]
[EventType "tourn"]
[EventRounds "1"]
[EventCountry "POL"]
[SourceDate "2012.07.11"]

1. e4 Nf6 2. e5 Nd5 3. c4 Nb6 4. d4 d6 5. f4 g5 6. Nf3 g4 7. Ng5 Bg7 8. Be2
dxe5 9. fxe5 h6 10. Ne4 Nc6 11. Be3 f5 12. exf6 exf6 13. Bxg4 Nxc4 14. Bh5+ Kf8
15. Bf2 f5 16. Qd3 Nxb2 17. Qb3 Qe7 18. O-O Nxd4 19. Qd5 c6 20. Qxd4 Bxd4 21.
Bxd4 Qxe4 22. Bxh8 Nd3 23. h3 Ne1 24. Rf2 Qh4 25. Be2 Nc2 26. Nd2 Nxa1 27. Bxa1
Be6 28. Nf3 Qe4 29. Nd4 Re8 30. Bc3 Bc8 31. Bh5 Re5 32. Re2 Qb1+ 33. Kf2 Rxe2+
34. Nxe2 Qxa2 35. Bf3 Be6 36. Bb4+ Kg8 37. Kg3 Bd5 38. Bxd5+ Qxd5 39. Bc3 Qd3+
40. Kf2 b6 41. Be5 c5 42. Bb8 a5 43. Bc7 Qa6 44. Ng3 a4 45. Nxf5 a3 46. Be5 b5
47. Ne3 a2 48. Ba1 b4 49. Ng4 c4 50. Ke3 c3 51. Nf2 Qb6+ 52. Ke2 Qxf2+ 53. Kxf2
c2 0-1

[Event "108th YMCA Summer B"]
[Site "Warszawa"]
[Date "2012.07.24"]
[Round "5"]
[White "Szelejewski, Jan"]
[Black "Kurowski, Andrzej"]
[Result "1/2-1/2"]
[WhiteElo "1806"]
[BlackElo "1782"]
[Annotator "Admin"]
[PlyCount "54"]
[EventDate "2012.07.10"]
[EventType "tourn"]
[EventRounds "1"]
[EventCountry "POL"]
[SourceDate "2012.07.11"]

1. e4 e6 2. d4 d5 3. Nc3 Nf6 4. Bg5 Bb4 5. e5 h6 6. Bd2 Bxc3 7. bxc3 Ne4 8. Qg4
g6 9. Qf4 c5 10. Bd3 Nxd2 11. Qxd2 Nc6 12. Nf3 Qa5 13. dxc5 Qxc5 $11 14. Rb1 b6
15. O-O Bd7 16. Rfe1 Rc8 17. h4 Na5 18. Qf4 Qe7 19. Ba6 Rxc3 20. Bd3 Rc8 21. h5
g5 22. Qd2 Nc4 23. Qe2 O-O 24. Nh2 f5 25. exf6 Qxf6 26. Ng4 Qg7 27. Rb4 a5 $11
1/2-1/2

[Event "108th YMCA Summer B"]
[Site "Warszawa"]
[Date "2012.07.18"]
[Round "6"]
[White "Bartczak, Hanna"]
[Black "Kurowski, Andrzej"]
[Result "0-1"]
[WhiteElo "1592"]
[BlackElo "1782"]
[PlyCount "66"]
[EventDate "2012.07.10"]
[EventType "tourn"]
[EventRounds "1"]
[EventCountry "POL"]
[SourceDate "2012.07.11"]

1. d4 f5 2. g3 Nf6 3. c4 g6 4. Bg2 Bg7 5. Nc3 O-O 6. Nf3 d6 7. O-O Qe8 8. Qb3
e5 9. Nb5 Na6 10. Be3 e4 11. Ng5 h6 12. Nh3 Kh7 13. f3 Qe7 14. Nf2 c6 15. Nc3
exf3 16. exf3 Qxe3 17. Rad1 Qe7 18. Rfe1 Qf7 19. f4 b5 20. Bxc6 bxc4 21. Qa3
Bb7 22. Bb5 Nc7 23. Qxd6 Nxb5 24. Nxb5 Rfd8 25. Re7 Rxd6 26. Rxf7 Rd7 27. Rxd7
Nxd7 28. Re1 Bf6 29. Rc1 Nb6 30. b3 cxb3 31. axb3 Rc8 32. Rd1 Rd8 33. Nd3 a6
0-1

[Event "108th YMCA Summer B"]
[Site "Warszawa"]
[Date "2012.07.27"]
[Round "6"]
[White "Krzyzanowski, Antoni"]
[Black "Szelejewski, Jan"]
[Result "0-1"]
[WhiteElo "1729"]
[BlackElo "1806"]
[PlyCount "36"]
[EventDate "2012.07.10"]
[EventType "tourn"]
[EventRounds "1"]
[EventCountry "POL"]
[SourceDate "2012.07.11"]

1. d4 d5 2. c4 c6 3. Nf3 Nf6 4. Nc3 e6 5. Bg5 h6 6. Bh4 dxc4 7. e4 g5 8. Bg3 b5
9. Be2 Bb7 10. h4 g4 11. Ne5 Nbd7 12. Nxg4 b4 13. Nxf6+ Nxf6 14. Na4 Nxe4 15.
Be5 Rg8 16. Bxc4 Bd6 17. Qb3 Bxe5 18. dxe5 Qd2+ 0-1

[Event "108th YMCA Summer B"]
[Site "Warszawa"]
[Date "2012.07.26"]
[Round "6"]
[White "Rodak, Przemyslaw"]
[Black "Trzpil, Slawomir"]
[Result "1-0"]
[WhiteElo "1614"]
[BlackElo "1696"]
[PlyCount "59"]
[EventDate "2012.07.10"]
[EventType "tourn"]
[EventRounds "1"]
[EventCountry "POL"]
[SourceDate "2012.07.11"]

1. d4 Nf6 2. c4 e6 3. Nc3 Bb4 4. e3 Ne4 5. Qc2 d5 6. a3 Bxc3+ 7. bxc3 c5 8. Bd3
f5 9. Nf3 Qa5 10. Bb2 Nc6 11. O-O O-O 12. cxd5 exd5 13. c4 Be6 14. Bxe4 dxe4
15. Ng5 Bd7 16. dxc5 Qxc5 17. Qc3 Qe7 18. h4 h6 19. Nh3 Rac8 20. Nf4 Qf7 21.
Rad1 Rfd8 22. Nh5 Kh7 23. Nxg7 Rg8 24. Nh5 Kg6 25. Nf6 Rgd8 26. h5+ Kg5 27. f4+
exf3 28. Qe1 f4 29. exf4+ Kf5 30. Qe4# 1-0

[Event "108th YMCA Summer B"]
[Site "Warszawa"]
[Date "2012.07.18"]
[Round "6"]
[White "Jackiewicz, Jerzy"]
[Black "Herman, Monika"]
[Result "1/2-1/2"]
[WhiteElo "1501"]
[BlackElo "1707"]
[Annotator "Admin"]
[PlyCount "114"]
[EventDate "2012.07.10"]
[EventType "tourn"]
[EventRounds "1"]
[EventCountry "POL"]
[SourceDate "2012.07.11"]

1. e4 e5 2. Nf3 Nc6 3. Bb5 d6 4. Bxc6+ bxc6 5. h3 Nf6 6. d3 h6 7. Be3 Be7 8.
Nbd2 c5 9. c4 Rb8 10. Qc2 O-O 11. O-O Bd7 12. Rfb1 Qc8 13. Nf1 Rb7 14. a3 a5
15. b3 Nh7 16. Bd2 Ra7 17. b4 axb4 18. axb4 Rxa1 19. Rxa1 cxb4 20. Bxb4 Ng5 21.
Nxg5 Bxg5 22. Bd2 Bf4 23. Bxf4 exf4 24. f3 f5 25. c5 fxe4 26. dxe4 Rf6 27. cxd6
Rxd6 28. Rd1 Rg6 29. Kh2 c5 30. Rd5 c4 31. Qd1 Be8 32. Rd8 Qc6 33. Qd5+ Qxd5
34. exd5 Kf7 35. Rc8 Bb5 36. Nd2 Rd6 37. Rc5 Ba6 38. Ne4 Rd8 39. Rc7+ Kg8 40.
d6 Rc8 41. g3 fxg3+ 42. Kxg3 Rxc7 43. dxc7 Kf8 44. Kf4 Ke7 45. Kf5 Bc8+ 46. Kg6
Bxh3 47. Kxg7 Kd7 48. Kxh6 Kxc7 49. Kg5 Be6 50. Kf4 Kb6 51. Ke3 Ka5 52. Kd4 Kb4
53. f4 Bf5 54. Nc3 Bh7 55. Nd5+ Kb3 56. Nc3 Bd3 57. Nd5 Bh7 $11 1/2-1/2

[Event "108th YMCA Summer B"]
[Site "Warszawa"]
[Date "2012.07.26"]
[Round "6"]
[White "Wrabel, Antoni"]
[Black "Sokur, Ivan"]
[Result "1-0"]
[WhiteElo "1683"]
[BlackElo "1579"]
[PlyCount "73"]
[EventDate "2012.07.10"]
[EventType "tourn"]
[EventRounds "1"]
[EventCountry "POL"]
[SourceDate "2012.07.11"]

1. e4 e6 2. d4 d5 3. exd5 exd5 4. Bd3 Nc6 5. c3 Bd6 6. Nf3 Bg4 7. O-O Qd7 8.
Re1+ Nge7 9. Bg5 f6 10. Bh4 O-O-O 11. Bg3 h5 12. Nbd2 g5 13. Qc2 Rdg8 14. b4
Bxg3 15. fxg3 h4 16. b5 Nb8 17. Qa4 hxg3 18. hxg3 c6 19. c4 Bf5 20. Rxe7 Qxe7
21. Bxf5+ Kd8 22. Re1 Qc7 23. g4 Re8 24. Rxe8+ Rxe8 25. Qb3 Qf4 26. cxd5 Re3
27. Qb4 Re8 28. Nf1 cxb5 29. Qxb5 Re7 30. Qc5 Nd7 31. Qxa7 Kc7 32. Qa5+ Kd6 33.
Qb4+ Kxd5 34. Qxe7 Qd6 35. Ne3+ Kc6 36. Bxd7+ Qxd7 37. Qc5# 1-0

[Event "108th YMCA Summer B"]
[Site "Warszawa"]
[Date "2012.07.31"]
[Round "7"]
[White "Sokur, Ivan"]
[Black "Bartczak, Hanna"]
[Result "0-1"]
[WhiteElo "1579"]
[BlackElo "1592"]
[PlyCount "142"]
[EventDate "2012.07.10"]
[EventType "tourn"]
[EventRounds "1"]
[EventCountry "POL"]
[SourceDate "2012.07.11"]

1. d4 d5 2. c4 c6 3. Nc3 Nf6 4. Nf3 e6 5. Bg5 Be7 6. e3 O-O 7. Bd3 h6 8. Bxf6
Bxf6 9. Qc2 dxc4 10. Bxc4 Re8 11. O-O Nd7 12. Rfd1 Qc7 13. Rac1 Nb6 14. Bd3 e5
15. Ne4 Qe7 16. Nxf6+ gxf6 17. Bf5 e4 18. Nh4 Bxf5 19. Nxf5 Qe6 20. Qc5 Nd5 21.
Ng3 f5 22. b4 f4 23. exf4 Nxf4 24. Qc4 Qg6 25. Rc3 h5 26. Qf1 h4 27. Ne2 Nd3
28. Nc1 Nxb4 29. Rb3 a5 30. a3 Nc2 31. Rd2 e3 32. fxe3 Nxe3 33. Qf4 Re4 34. Qf3
Nc4 35. Rd1 b5 36. Ne2 Rae8 37. Nf4 Qf5 38. Nh5 Qxf3 39. gxf3 Re1+ 40. Rxe1
Rxe1+ 41. Kf2 Rd1 42. Nf6+ Kg7 43. Ne4 Rxd4 44. Nc5 Rd2+ 45. Kg1 Ra2 46. a4 b4
47. h3 Ra3 48. Rxa3 Nxa3 49. Kf2 Nc4 50. Ke2 Kf6 51. Kd3 Nd6 52. f4 Kf5 53. Ke3
Nc4+ 54. Kd4 Nd6 55. Ke3 f6 56. Nd3 Ne4 57. Nb2 c5 58. Nc4 b3 59. Nb2 Nd6 60.
Kf3 c4 61. Nd1 Ne4 62. Ne3+ Ke6 63. Nxc4 Kd5 64. Nb2 Kd4 65. Nd1 f5 66. Nb2 Kc3
67. Nd1+ Kc2 68. Ne3+ Kc1 69. Nxf5 Nd2+ 70. Kg4 b2 71. Nxh4 b1=Q 0-1

[Event "108th YMCA Summer B"]
[Site "Warszawa"]
[Date "2012.07.20"]
[Round "7"]
[White "Herman, Monika"]
[Black "Wrabel, Antoni"]
[Result "1/2-1/2"]
[WhiteElo "1707"]
[BlackElo "1683"]
[PlyCount "118"]
[EventDate "2012.07.10"]
[EventType "tourn"]
[EventRounds "1"]
[EventCountry "POL"]
[SourceDate "2012.07.11"]

1. e4 e5 2. Nf3 Nc6 3. Bc4 Bc5 4. O-O Nf6 5. d4 Bxd4 6. Nxd4 Nxd4 7. f4 Nc6 8.
Bxf7+ Kxf7 9. fxe5 Nxe5 10. Qd5+ Ke8 11. Qxe5+ Qe7 12. Qxe7+ Kxe7 13. Bg5 h6
14. Bxf6+ gxf6 15. Nc3 c6 16. Rf4 Rg8 17. Raf1 Rg6 18. Ne2 d6 19. Ng3 Be6 20.
Nf5+ Kd7 21. Nh4 Rg7 22. Rxf6 Rag8 23. Rxh6 Rg4 24. Rh7+ Kc8 25. Rf6 Bxa2 26.
Rxd6 Bb1 27. e5 Bxc2 28. Rhh6 Kc7 29. g3 Re8 30. Rde6 Rd8 31. Re7+ Rd7 32.
Rxd7+ Kxd7 33. Rf6 Rb4 34. Nf3 Rxb2 35. Nd4 Be4 36. e6+ Ke7 37. Rf7+ Ke8 38.
Nf5 Bxf5 39. Rxf5 Re2 40. Rf7 b5 41. Rxa7 Rxe6 42. Kf2 Re7 43. Ra6 Kd7 44. h4
Kd6 45. h5 Kd5 46. Kf3 b4 47. g4 Rh7 48. Kf4 c5 49. h6 c4 50. g5 c3 51. g6 c2
52. gxh7 c1=Q+ 53. Kg4 Qc8+ 54. Kg5 Ke5 55. Ra5+ Ke6 56. Ra6+ Ke5 57. Ra5+ Ke6
58. Ra6+ Ke5 59. Ra5+ Ke6 1/2-1/2

[Event "108th YMCA Summer B"]
[Site "Warszawa"]
[Date "2012.07.31"]
[Round "7"]
[White "Prus, Marek"]
[Black "Jackiewicz, Jerzy"]
[Result "1-0"]
[WhiteElo "1718"]
[BlackElo "1501"]
[PlyCount "57"]
[EventDate "2012.07.10"]
[EventType "tourn"]
[EventRounds "1"]
[EventCountry "POL"]
[SourceDate "2012.07.11"]

1. e4 e5 2. Nf3 Nc6 3. Bb5 a6 4. Ba4 Nf6 5. O-O d6 6. c3 Bg4 7. d3 b5 8. Bc2
Be7 9. Bg5 Nd7 10. Bxe7 Nxe7 11. Nbd2 h6 12. h3 Be6 13. d4 c6 14. Re1 Qc7 15.
Qe2 Rf8 16. a4 f5 17. exf5 Nxf5 18. dxe5 d5 19. g4 Ne7 20. Nd4 Bg8 21. axb5 c5
22. Nf5 Nxf5 23. Bxf5 a5 24. Bg6+ Ke7 25. e6 Nb6 26. Nf3 Nc4 27. Nh4 Nd6 28.
Qe5 Kd8 29. e7+ 1-0

[Event "108th YMCA Summer B"]
[Site "Warszawa"]
[Date "2012.07.31"]
[Round "7"]
[White "Trzpil, Slawomir"]
[Black "Rymarowicz, Pawel"]
[Result "1-0"]
[WhiteElo "1696"]
[BlackElo "1718"]
[Annotator "Admin"]
[PlyCount "173"]
[EventDate "2012.07.10"]
[EventType "tourn"]
[EventRounds "1"]
[EventCountry "POL"]
[SourceDate "2012.07.11"]

1. e4 c5 2. Nf3 d6 3. d4 cxd4 4. Nxd4 Nc6 5. c4 g6 6. Nc3 Bg7 7. Be3 Nf6 8. f3
O-O 9. Qd2 Re8 10. O-O-O Qa5 11. Nb3 Qb4 12. g4 Ne5 13. Nd5 Nxd5 14. cxd5 a5
15. Be2 Bd7 16. Qxb4 axb4 17. Kb1 f5 18. gxf5 gxf5 19. Rhg1 Ng6 20. Bd4 Bh6 21.
h4 Kf7 22. h5 Nf4 23. Bc4 Rec8 24. Bf1 Rg8 25. Be3 Rxg1 26. Bxg1 Nxh5 27. Bh3
Nf4 28. Bxf5 Bxf5 29. exf5 Ne2 30. Bf2 Bg5 31. Nd4 Nxd4 32. Bxd4 Rc8 33. Rg1 h6
34. b3 Bf6 35. Be3 Rh8 36. Kc2 h5 37. Kd3 h4 38. Bf4 Ra8 39. Rg2 Ra5 40. Ke4
Rc5 41. Be3 Rc3 42. Rh2 Rc8 43. Rg2 Bc3 44. Bf2 Bf6 45. Be1 h3 46. Rh2 Rh8 47.
Bxb4 Rh4+ 48. f4 Bg5 49. Bd2 Kf6 50. Be3 Kf7 51. Kf3 Bf6 52. Kg3 Rh5 53. Kg4
Rh4+ 54. Kf3 Rh5 55. Ke4 Bc3 56. Bg1 Be1 57. Re2 Bg3 58. Bh2 Bxh2 59. Rxh2 Kf6
$11 60. a4 Rh8 61. a5 b6 62. a6 Ra8 63. Rxh3 Rxa6 64. Rh6+ Kg7 65. Re6 b5 66.
Rxe7+ Kf6 67. Re6+ Kf7 68. Kd4 Ra1 69. Rxd6 Rf1 70. Kc5 Rxf4 71. Kxb5 Rxf5 72.
Kc6 Rf3 73. b4 Rc3+ 74. Kd7 Rb3 75. Rb6 Rb1 76. b5 Ra1 77. Rb7 Kf6 78. Kd6 Rb1
79. b6 Kf5 80. Rf7+ Ke4 81. b7 Rb2 82. Re7+ Kd4 83. Kc7 Rc2+ 84. Kd8 Rb2 85. d6
Kd5 86. d7 Kd6 87. Ke8 1-0

[Event "108th YMCA Summer B"]
[Site "Warszawa"]
[Date "2012.07.25"]
[Round "7"]
[White "Szelejewski, Jan"]
[Black "Rodak, Przemyslaw"]
[Result "1-0"]
[WhiteElo "1806"]
[BlackElo "1614"]
[PlyCount "111"]
[EventDate "2012.07.10"]
[EventType "tourn"]
[EventRounds "1"]
[EventCountry "POL"]
[SourceDate "2012.07.11"]

1. e4 e6 2. d4 d5 3. Nc3 Nf6 4. Bg5 dxe4 5. Nxe4 Be7 6. Bxf6 Bxf6 7. Nf3 O-O 8.
Qd2 b6 9. O-O-O Bb7 10. Bd3 h6 11. h4 Ba6 12. g4 Be7 13. g5 h5 14. Bxa6 Nxa6
15. Qe2 Nb4 16. a3 Nd5 17. Ne5 Nf4 18. Qf3 Ng6 19. Qxh5 Qd5 20. Nxg6 fxg6 21.
Qxg6 Rf4 22. Rhe1 Raf8 23. Nc3 Qc4 24. Qxe6+ Qxe6 25. Rxe6 Bd6 26. Ne4 Rxh4 27.
Nxd6 cxd6 28. Rxd6 Rxf2 29. g6 Rf8 30. Re1 Rc8 31. Re2 Rh6 32. Kd2 Kf8 33. Rf2+
Ke7 34. Rd5 Rxg6 35. Re5+ Kd6 36. Kd3 Rc7 37. Re3 Rg1 38. Rfe2 Rg6 39. c4 a6
40. b4 Rf7 41. c5+ bxc5 42. bxc5+ Kd7 43. Kc4 Rg1 44. Kd5 Rg5+ 45. Re5 Rg6 46.
Re6 Rgf6 47. c6+ Kd8 48. Re8+ Kc7 49. R2e7+ Kb6 50. Rb8+ Ka5 51. Rxf7 Rxf7 52.
Kd6 Rf6+ 53. Kc5 Rf1 54. d5 g5 55. c7 Rc1+ 56. Kd6 1-0

[Event "108th YMCA Summer B"]
[Site "Warszawa"]
[Date "2012.07.31"]
[Round "7"]
[White "Kurowski, Andrzej"]
[Black "Krzyzanowski, Antoni"]
[Result "1-0"]
[WhiteElo "1782"]
[BlackElo "1729"]
[PlyCount "99"]
[EventDate "2012.07.10"]
[EventType "tourn"]
[EventRounds "1"]
[EventCountry "POL"]
[SourceDate "2012.07.11"]

1. d4 Nf6 2. c4 g6 3. Nc3 Bg7 4. e4 O-O 5. Nf3 d6 6. Be2 e5 7. O-O Nc6 8. d5
Ne7 9. Ne1 Nd7 10. f3 f5 11. Be3 f4 12. Bf2 g5 13. Nd3 Ng6 14. c5 Nf6 15. a4 h5
16. a5 g4 17. a6 b6 18. cxb6 cxb6 19. Nb4 Rf7 20. Nc6 Qe8 21. Nb5 Bf8 22. Qb3
h4 23. Nbxa7 Rfxa7 24. Nxa7 Rxa7 25. Qxb6 Ra8 26. Bb5 Bd7 27. Bc6 Bxc6 28. Qxc6
Qxc6 29. dxc6 g3 30. Bb6 d5 31. Rfc1 dxe4 32. c7 Ne7 33. Bc5 Nc8 34. fxe4 Nxe4
35. Bxf8 Kxf8 36. Re1 Ned6 37. Rxe5 Ra7 38. Rc5 Ke7 39. h3 Kd7 40. Kf1 Ne7 41.
b4 Nef5 42. b5 Ne3+ 43. Ke2 Nc8 44. Kf3 Rxc7 45. Rxc7+ Kxc7 46. a7 Nxa7 47.
Rxa7+ Kb6 48. Rh7 Kxb5 49. Rxh4 Nd5 50. Rxf4 1-0

[Event "108th YMCA Summer B"]
[Site "Warszawa"]
[Date "2012.08.02"]
[Round "8"]
[White "Rodak, Przemyslaw"]
[Black "Kurowski, Andrzej"]
[Result "0-1"]
[WhiteElo "1614"]
[BlackElo "1782"]
[PlyCount "78"]
[EventDate "2012.07.10"]
[EventType "tourn"]
[EventRounds "1"]
[EventCountry "POL"]
[SourceDate "2012.07.11"]

1. d4 f5 2. c4 Nf6 3. Nc3 g6 4. h4 Bg7 5. h5 Nxh5 6. e4 Nf6 7. exf5 gxf5 8. Bd3
d6 9. Nf3 Nc6 10. Bg5 e5 11. Nh4 Nxd4 12. Nd5 Be6 13. Bxf6 Bxf6 14. Qh5+ Bf7
15. Qh6 Bxh4 16. Rxh4 Bxd5 17. cxd5 Qe7 18. O-O-O O-O-O 19. Rdh1 Rdg8 20. g3
Qf7 21. Bc4 b5 22. Bf1 Qxd5 23. Qe3 Qxa2 24. Qc3 c5 25. Rxd4 exd4 26. Qf3 Qa6
27. Qxf5+ Kc7 28. Rxh7+ Kb6 29. Rd7 Qa1+ 30. Kc2 Qxf1 31. Rxd6+ Ka5 32. Qf3
Qc4+ 33. Kb1 d3 34. Rxd3 Rh1+ 35. Qxh1 Qxd3+ 36. Ka2 Rd8 37. Ka1 Qd2 38. Qb7
Qc1+ 39. Ka2 Qc4+ 0-1

[Event "108th YMCA Summer B"]
[Site "Warszawa"]
[Date "2012.08.22"]
[Round "8"]
[White "Rymarowicz, Pawel"]
[Black "Szelejewski, Jan"]
[Result "0-1"]
[WhiteElo "1718"]
[BlackElo "1806"]
[PlyCount "80"]
[EventDate "2012.07.10"]
[EventType "tourn"]
[EventRounds "1"]
[EventCountry "POL"]
[SourceDate "2012.07.11"]

1. d4 d5 2. c4 c6 3. Nc3 Nf6 4. e3 e6 5. Nf3 Nbd7 6. cxd5 exd5 7. Bd3 Bd6 8.
O-O O-O 9. Bd2 Re8 10. Qc2 Nf8 11. Rab1 Bg4 12. Kh1 Ng6 13. Be2 Ne4 14. Nxe4
dxe4 15. Ng1 Qh4 16. g3 Qh5 17. Qd1 Bxe2 18. Qxe2 Qf5 19. b4 h5 20. f4 Ne7 21.
a3 Nd5 22. Rb3 Re6 23. Qg2 g5 24. fxg5 Qxg5 25. Nh3 Qh6 26. Nf4 Bxf4 27. exf4
f5 28. b5 Qg7 29. bxc6 Rxc6 30. Qe2 Qf7 31. Rfb1 b6 32. Rb5 Rac8 33. R1b2 e3
34. Be1 Rc1 35. Rb1 R8c2 36. Qf3 Nc3 37. R5b2 Nxb1 38. Rxc2 Rxc2 39. Qxe3 Qd5+
40. Kg1 Qg2# 0-1

[Event "108th YMCA Summer B"]
[Site "Warszawa"]
[Date "2012.08.02"]
[Round "8"]
[White "Jackiewicz, Jerzy"]
[Black "Trzpil, Slawomir"]
[Result "1-0"]
[WhiteElo "1501"]
[BlackElo "1696"]
[PlyCount "87"]
[EventDate "2012.07.10"]
[EventType "tourn"]
[EventRounds "1"]
[EventCountry "POL"]
[SourceDate "2012.07.11"]

1. e4 c5 2. Nf3 a6 3. c3 d5 4. e5 Nc6 5. d4 e6 6. Be2 Qb6 7. O-O Nge7 8. Na3
cxd4 9. cxd4 Nf5 10. Nc2 Be7 11. Rb1 Bd7 12. b3 Rc8 13. a3 Qa7 14. b4 b5 15. g4
Nh6 16. h3 f6 17. Be3 Nf7 18. Nce1 h5 19. Kg2 hxg4 20. hxg4 Nh6 21. Nh2 Qb8 22.
f4 Nf7 23. Nd3 Qb6 24. Nc5 Bd8 25. Rf3 Ke7 26. Bg1 Nb8 27. Rbb3 Bc6 28. Rh3 Bc7
29. Rbg3 Nd7 30. Nf3 Ba8 31. Kf1 Rcg8 32. Bd3 Qa7 33. Qc2 Nb6 34. Bh7 Rc8 35.
Qg6 a5 36. Qxg7 f5 37. Qf6+ Ke8 38. Qxe6+ Kf8 39. Qxf5 axb4 40. Bg6 Bd8 41.
Rxh8+ Kg7 42. Rh7+ Kg8 43. Bxf7+ Kf8 44. Be6+ 1-0

[Event "108th YMCA Summer B"]
[Site "Warszawa"]
[Date "2012.07.25"]
[Round "8"]
[White "Wrabel, Antoni"]
[Black "Prus, Marek"]
[Result "1/2-1/2"]
[WhiteElo "1683"]
[BlackElo "1718"]
[Annotator "Admin"]
[PlyCount "20"]
[EventDate "2012.07.10"]
[EventType "tourn"]
[EventRounds "1"]
[EventCountry "POL"]
[SourceDate "2012.07.11"]

1. e4 e5 2. Nf3 Nc6 3. Bb5 Nge7 4. O-O g6 5. c3 Bg7 6. d4 exd4 7. cxd4 d5 8.
exd5 Nxd5 9. Re1+ Be6 10. Ng5 Qd6 $11 1/2-1/2

[Event "108th YMCA Summer B"]
[Site "Warszawa"]
[Date "2012.08.02"]
[Round "8"]
[White "Sokur, Ivan"]
[Black "Herman, Monika"]
[Result "1/2-1/2"]
[WhiteElo "1579"]
[BlackElo "1707"]
[Annotator "Admin"]
[PlyCount "111"]
[EventDate "2012.07.10"]
[EventType "tourn"]
[EventRounds "1"]
[EventCountry "POL"]
[SourceDate "2012.07.11"]

1. d4 Nf6 2. c4 e6 3. Nc3 Bb4 4. Nf3 O-O 5. Bg5 h6 6. Bxf6 Qxf6 7. Qc2 c5 8. e3
Nc6 9. Rd1 cxd4 10. exd4 d5 11. a3 Bxc3+ 12. bxc3 b6 13. Bd3 Ba6 14. cxd5 Bxd3
15. Qxd3 exd5 16. O-O Rfe8 17. Rfe1 Qd6 18. Rxe8+ Rxe8 19. Qb5 Re4 20. Qa6 Qe6
21. h3 g5 22. Qb5 Na5 23. Ne5 f6 24. f3 Re3 25. Ng4 Rxc3 26. Qb4 Rb3 27. Qe1
Qxe1+ 28. Rxe1 Rxa3 29. Nxf6+ Kf7 30. Nxd5 Nc6 31. Kf2 Rd3 32. Rc1 Rxd4 33.
Rxc6 Rxd5 34. Rc7+ Kf6 35. Rxa7 Rd2+ 36. Kg3 h5 37. h4 gxh4+ 38. Kxh4 Rxg2 39.
Ra6 Rh2+ 40. Kg3 Rb2 41. Ra4 Rb5 42. Rh4 Rg5+ 43. Kf2 Rd5 44. Ke3 Kg5 45. Rb4
b5 46. Re4 h4 47. Rg4+ Kh5 48. Rg8 Rc5 49. Kd4 $11 Rc7 50. Ke5 Rc5+ 51. Kf6
Rc6+ 52. Kf5 h3 53. Rg3 Rc5+ 54. Kf6 Rc6+ 55. Kf5 Rc5+ 56. Kf6 $11 1/2-1/2